Plant cell culture technology

Sparad:
Bibliografiska uppgifter
Huvudupphovsman: Yoeman, M. M.
Materialtyp: Bok
Språk:Undetermined
Publicerad: Oxfoxrd Blackwell Scientific Publications 1986
Ämnen:
Taggar: Lägg till en tagg
Inga taggar, Lägg till första taggen!
Thư viện lưu trữ: Trung tâm Học liệu Trường Đại học Cần Thơ
LEADER 00522nam a2200181Ia 4500
001 CTU_79969
008 210402s9999 xx 000 0 und d
082 |a 631.5233 
082 |b Y46/Vol.23 
100 |a Yoeman, M. M. 
245 0 |a Plant cell culture technology 
245 0 |c M. M. Yoeman 
260 |a Oxfoxrd 
260 |b Blackwell Scientific Publications 
260 |c 1986 
650 |a Plant cell culture,Plant tissue culture 
904 |i Trọng Hải 
980 |a Trung tâm Học liệu Trường Đại học Cần Thơ